[Event "Tournoi francophone 015"]
[Site "Skype"]
[Date "????.??.??"]
[Round "1.1"]
[White "Blasco, Raul"]
[Black "L'Herbon De Lussats, Jean"]
[Result "1-0"]
[WhiteElo "1978"]
[BlackElo "1259"]
[PlyCount "127"]

1. e4 c5 2. Nf3 d6 3. d4 cxd4 4. Nxd4 Nf6 5. Nc3 a6 6. Be2 e5 7. Nb3 Be7 8. O-O
O-O 9. Be3 Nbd7 10. a4 b6 11. a5 Bb7 12. axb6 Nxb6 13. f3 Qc7 14. Na5 Bc8 15.
Bd3 Be6 16. Qe2 d5 17. Nxd5 Nbxd5 18. exd5 Nxd5 19. Bf2 Bc5 20. Bxc5 Qxc5+ 21.
Qf2 Qd6 22. Rfd1 f5 23. c4 Nf4 24. Be4 Qe7 25. Bxa8 Rxa8 26. b3 Qg5 27. Kh1 e4
28. Qg3 Qh6 29. Nc6 e3 30. Rd8+ Rxd8 31. Nxd8 Ne2 32. Qd6 Bc8 33. Qxh6 gxh6 34.
Re1 Nd4 35. Rxe3 Kf8 36. Rd3 Nc2 37. Nc6 Kf7 38. Rd8 Be6 39. Nd4 Nxd4 40. Rxd4
Kf6 41. Rd6 a5 42. Ra6 a4 43. Rxe6+ Kxe6 44. bxa4 Kd6 45. g3 Kc5 46. a5 Kc6 47.
Kg2 h5 48. Kh3 Kb7 49. c5 h6 50. Kh4 Kc6 51. a6 Kxc5 52. a7 Kb6 53. a8=Q f4 54.
gxf4 Kc7 55. Qa6 Kd7 56. Kxh5 Ke7 57. Kg6 h5 58. f5 h4 59. f6+ Kd7 60. f7 Ke7
61. Kg7 h3 62. f8=Q+ Kd7 63. Qf7+ Kd8 64. Qa8# 1-0

[Event "Tournoi francophone 015"]
[Site "Skype"]
[Date "????.??.??"]
[Round "1.2"]
[White "Le Bouill, Pierre"]
[Black "Hilton, Stephen"]
[Result "0-1"]
[WhiteElo "1252"]
[BlackElo "1865"]
[PlyCount "48"]

1. b3 Nf6 2. Bb2 d6 3. h3 g6 4. Nf3 Bg7 5. d3 O-O 6. e3 e5 7. Be2 Nc6 8. O-O
Qe7 9. c4 Rd8 10. Nbd2 h6 11. Nh2 Be6 12. Bg4 d5 13. d4 exd4 14. exd4 Nxg4 15.
Nxg4 dxc4 16. bxc4 h5 17. Nh2 Nxd4 18. Bxd4 Rxd4 19. Rc1 Rad8 20. Nhf3 R4d7 21.
Qe2 Bf5 22. Qxe7 Rxe7 23. Rfe1 Red7 24. Re7 Rxe7 0-1

[Event "Tournoi francophone 015"]
[Site "Skype"]
[Date "????.??.??"]
[Round "1.3"]
[White "Deville, Olivier"]
[Black "Abdulrazzaq, Mohsen"]
[Result "1-0"]
[WhiteElo "1807"]
[BlackElo "1249"]
[PlyCount "69"]

1. d4 Nf6 2. c4 g6 3. Nc3 Bg7 4. e4 d6 5. Nf3 Nbd7 6. Be2 O-O 7. O-O Re8 8. Re1
e5 9. Bf1 c6 10. Qc2 exd4 11. Nxd4 d5 12. cxd5 cxd5 13. Be3 dxe4 14. Ncb5 Re5
15. Nb3 a6 16. Nc7 Rb8 17. Ba7 b6 18. Bxb8 Nxb8 19. Rad1 Qe7 20. Nd5 Nxd5 21.
Qxc8+ Qe8 22. Qxe8+ Rxe8 23. Rxd5 Bxb2 24. Red1 Nc6 25. Rd6 Re6 26. Rxe6 fxe6
27. Rd6 Nb4 28. Rxb6 Nxa2 29. Rxa6 Nc1 30. Nxc1 Bxc1 31. Rxe6 Kf7 32. Rxe4 Kf6
33. Bd3 h5 34. Rc4 Bb2 35. Rc6+ 1-0

[Event "Tournoi francophone 015"]
[Site "Skype"]
[Date "????.??.??"]
[Round "1.4"]
[White "Quispe, Alberto"]
[Black "Caputi, Giuliano"]
[Result "0-1"]
[WhiteElo "1230"]
[BlackElo "1782"]
[PlyCount "82"]

1. e4 c6 2. d4 d5 3. e5 c5 4. c3 Nc6 5. Nf3 Bg4 6. Be2 e6 7. h3 Bxf3 8. Bxf3
cxd4 9. cxd4 Qb6 10. O-O Qxd4 11. Nc3 Qxd1 12. Bxd1 Nxe5 13. Nb5 Kd7 14. Bf4
Nc6 15. Rc1 a6 16. Nc3 Bd6 17. Bxd6 Kxd6 18. Ne2 Nge7 19. Nf4 Rac8 20. Nd3 Nd4
21. Bf3 Rxc1 22. Rxc1 Rc8 23. Rd1 Nxf3+ 24. gxf3 g5 25. f4 h6 26. Rd2 f6 27. f3
Ng6 28. fxg5 hxg5 29. Kg2 e5 30. Kg3 Rc4 31. Nf2 f5 32. Nd1 b5 33. b3 Rc1 34.
Nb2 Rg1+ 35. Kf2 Rh1 36. Kg2 Ra1 37. Nd3 Nh4+ 38. Kf2 Rh1 39. Re2 Rh2+ 40. Kf1
Rxe2 41. Kxe2 Nxf3 0-1

[Event "Tournoi francophone 015"]
[Site "Skype"]
[Date "????.??.??"]
[Round "1.5"]
[White "Elias, Roberto"]
[Black "Trivedi, Viral"]
[Result "1/2-1/2"]
[WhiteElo "1782"]
[BlackElo "1230"]
[PlyCount "106"]

1. c4 Nf6 2. Nc3 g6 3. e4 d6 4. d4 Bg7 5. Be2 O-O 6. Nf3 Bg4 7. h3 Bxf3 8. Bxf3
e5 9. Bg5 Nbd7 10. Nd5 exd4 11. Nxf6+ Nxf6 12. Qxd4 Nxe4 13. Bxd8 Bxd4 14. O-O
Nd2 15. Rfd1 Nxf3+ 16. gxf3 Bxf2+ 17. Kxf2 Raxd8 18. Rd3 Rfe8 19. b4 Re6 20. c5
f5 21. a4 Rde8 22. cxd6 cxd6 23. Rad1 f4 24. Rxd6 Re2+ 25. Kg1 R8e5 26. R6d5
R5e3 27. R5d3 a6 28. Rxe3 fxe3 29. Rd8+ Kg7 30. Rd7+ Kh6 31. Re7 Rb2 32. Re4
Rb3 33. Kf1 Rb2 34. Ke1 e2 35. Kf2 Kg5 36. Ke1 Kf5 37. Kf2 h5 38. Ke1 g5 39.
Kf2 e1=Q+ 40. Kxe1 Rh2 41. Re7 b5 42. axb5 axb5 43. Rf7+ Ke6 44. Rb7 Rxh3 45.
Kf2 Rh2+ 46. Kg1 Rb2 47. Rxb5 g4 48. fxg4 hxg4 49. Rb8 Kd6 50. b5 Kc7 51. Rg8
Rb4 52. Kg2 Rxb5 53. Rxg4 Kd6 1/2-1/2

[Event "Tournoi francophone 015"]
[Site "Skype"]
[Date "????.??.??"]
[Round "1.6"]
[White "Porcabeuf, Jean-Marc"]
[Black "Legueltel, Daniel"]
[Result "0-1"]
[WhiteElo "1229"]
[BlackElo "1753"]
[PlyCount "62"]

1. e4 e5 2. Nf3 Nc6 3. d4 exd4 4. Nxd4 Nf6 5. Bd3 Nxd4 6. O-O Bc5 7. c3 Nc6 8.
Nd2 O-O 9. Bc4 Ne5 10. Bb3 c6 11. c4 d6 12. Re1 a5 13. Nf3 Bg4 14. Qd2 Bxf3 15.
Bd1 Bxd1 16. Qxd1 Neg4 17. Rf1 Qb6 18. Qf3 Rfe8 19. Bg5 Nxf2 20. Bxf6 Nxe4+ 21.
Kh1 Nxf6 22. a3 Re3 23. Qf4 Rb3 24. Rad1 Rxb2 25. Rd3 Re8 26. h3 Ree2 27. Rg3
Rf2 28. Rxf2 Rxf2 29. Qg5 Rf1+ 30. Kh2 Bg1+ 31. Kh1 Be3+ 0-1

[Event "Tournoi francophone 015"]
[Site "Skype"]
[Date "????.??.??"]
[Round "1.7"]
[White "Rapaire, Jean-Michel"]
[Black "Malbec, Robert"]
[Result "1-0"]
[WhiteElo "1739"]
[BlackElo "1214"]
[PlyCount "85"]

1. e4 e5 2. Nf3 Nc6 3. Bb5 a6 4. Bxc6 dxc6 5. d4 exd4 6. Qxd4 c5 7. Qxd8+ Kxd8
8. Ne5 Be6 9. O-O Bd6 10. Nd3 Bc4 11. Rd1 Kc8 12. Bg5 f6 13. Bh4 Ne7 14. Na3
Bxd3 15. Rxd3 Ng6 16. Bg3 Bxg3 17. hxg3 Rd8 18. Rad1 Rxd3 19. Rxd3 b5 20. f4 c6
21. c3 Kc7 22. Nc2 Rd8 23. Rxd8 Kxd8 24. Ne3 Ne7 25. Kf2 Kc7 26. g4 Kd6 27.
Nf5+ Nxf5 28. gxf5 a5 29. g4 b4 30. c4 a4 31. b3 axb3 32. axb3 Ke7 33. Kg3 Kd6
34. Kh4 Ke7 35. e5 Kf7 36. e6+ Kf8 37. g5 Ke7 38. Kh5 Kf8 39. gxf6 gxf6 40. Kh6
Kg8 41. e7 Kf7 42. Kxh7 Kxe7 43. Kg7 1-0

[Event "Tournoi francophone 015"]
[Site "Skype"]
[Date "????.??.??"]
[Round "1.8"]
[White "Milanese, Serge"]
[Black "Meyer, Eric"]
[Result "0-1"]
[WhiteElo "1202"]
[BlackElo "1664"]
[PlyCount "60"]

1. e4 c5 2. Nf3 d6 3. d4 cxd4 4. Nxd4 Nf6 5. Nc3 a6 6. Be2 e5 7. Nf3 Be6 8. O-O
Be7 9. h3 h6 10. Nh2 Nbd7 11. Bg4 Rc8 12. Bxe6 fxe6 13. Be3 O-O 14. Nf3 d5 15.
exd5 exd5 16. Nxd5 Bd6 17. c3 Rf7 18. Nh2 Qf8 19. Qd3 Rd8 20. Rad1 e4 21. Qc4
b5 22. Qb3 Kh8 23. Bf4 Ne5 24. f3 Bc5+ 25. Kh1 Nd3 26. Bg3 Nxd5 27. fxe4 Nf6
28. e5 Ne4 29. Rf3 Nxg3+ 30. Rxg3 Nf2+ 0-1

[Event "Tournoi francophone 015"]
[Site "Skype"]
[Date "????.??.??"]
[Round "1.9"]
[White "Lambert, Pierre"]
[Black "Garganese, Paolo"]
[Result "1-0"]
[WhiteElo "1647"]
[BlackElo "1199"]
[PlyCount "53"]

1. e4 c5 2. Nf3 d6 3. d4 cxd4 4. Nxd4 Nf6 5. Nc3 e6 6. Bb5+ Bd7 7. Bxd7+ Qxd7
8. O-O Be7 9. Be3 Nc6 10. f3 O-O 11. Qd2 Nxd4 12. Bxd4 a6 13. Rad1 Rac8 14. Qf2
Qc6 15. Rfe1 Ne8 16. Qg3 b5 17. Rd2 b4 18. Nd1 e5 19. Bf2 Nf6 20. Ne3 Nh5 21.
Qg4 Nf6 22. Qh3 Bd8 23. Nf5 Ne8 24. Red1 g6 25. Ne3 Bb6 26. Nd5 Bxf2+ 27. Rxf2
1-0

[Event "Tournoi francophone 015"]
[Site "Skype"]
[Date "????.??.??"]
[Round "1.10"]
[White "Yepez, German"]
[Black "Megelas, Florent"]
[Result "0-1"]
[WhiteElo "1191"]
[BlackElo "1539"]
[PlyCount "60"]

1. d4 Nf6 2. h3 e6 3. Bf4 d5 4. Nf3 Bd6 5. Bg5 h6 6. Bxf6 Qxf6 7. e3 O-O 8. Bd3
Nd7 9. Nc3 c5 10. Nb5 Bb8 11. c3 a6 12. Na3 c4 13. Be2 Bd6 14. Nc2 b5 15. O-O
Bb7 16. Nce1 Rad8 17. Nh2 e5 18. Ng4 Qe7 19. dxe5 Nxe5 20. Nxe5 Qxe5 21. g3 Bc8
22. Bg4 f5 23. Bh5 f4 24. Be8 Rdxe8 25. Kg2 fxg3 26. f4 Qxe3 27. Rf3 Qe2+ 28.
Qxe2 Rxe2+ 29. Kxg3 Rf6 30. h4 Rg6# 0-1

[Event "Tournoi francophone 015"]
[Site "Skype"]
[Date "????.??.??"]
[Round "1.11"]
[White "Leyton Calderon, Jairo Oswaldo"]
[Black "Martin, Jean-Claude"]
[Result "1-0"]
[WhiteElo "1526"]
[BlackElo "1184"]
[PlyCount "49"]

1. Nf3 d5 2. b3 Nf6 3. Bb2 Nbd7 4. e3 c6 5. Be2 e6 6. O-O Be7 7. c4 dxc4 8.
Bxc4 b5 9. Be2 O-O 10. d4 a6 11. Nc3 Qc7 12. Rc1 Bd6 13. h3 h6 14. Qc2 Qb8 15.
e4 Bc7 16. e5 Nd5 17. Nxd5 exd5 18. Qxc6 Qb7 19. Qxc7 Qa7 20. Qxa7 Rxa7 21. Rc2
Bb7 22. Rfc1 Nb6 23. Rc7 Rc8 24. Ne1 a5 25. Bxb5 1-0

[Event "Tournoi francophone 015"]
[Site "Skype"]
[Date "????.??.??"]
[Round "1.12"]
[White "De Fazio, Monica"]
[Black "Hurtado De Mendoza, Ramon Miguel"]
[Result "0-1"]
[WhiteElo "1176"]
[BlackElo "1487"]
[PlyCount "41"]

1. e4 e5 2. Nf3 Nc6 3. Bb5 d6 4. Bxc6+ bxc6 5. c4 Nf6 6. Nc3 Be7 7. O-O O-O 8.
d3 h6 9. Be3 Ng4 10. h3 Nxe3 11. fxe3 Bg5 12. Re1 Bh4 13. Nxh4 Qxh4 14. Kh2 g5
15. g4 Qf2+ 16. Kh1 Qg3 17. Qe2 Qxe3 18. Qh2 Bxg4 19. Rf1 f5 20. Ne2 fxe4 21.
dxe4 0-1

[Event "Tournoi francophone 015"]
[Site "Skype"]
[Date "????.??.??"]
[Round "1.14"]
[White "Abate, Luigi"]
[Black "Vasquez Cienfuegos, Oscar"]
[Result "0-1"]
[WhiteElo "1169"]
[BlackElo "1470"]
[PlyCount "66"]

1. e4 c6 2. d4 d5 3. e5 Bf5 4. Nf3 e6 5. Bd3 Bxd3 6. Qxd3 Ne7 7. O-O Nf5 8. Bg5
Qb6 9. b3 c5 10. c3 Nc6 11. g4 Nfe7 12. Nbd2 cxd4 13. cxd4 Nb4 14. Qc3 Rc8 15.
Qb2 h6 16. Bf4 Nd3 17. Qb1 Nxf4 18. Kh1 Nc6 19. Rc1 Bb4 20. a3 Bxd2 21. Nxd2
O-O 22. Nf3 Ne2 23. Rd1 Nc3 24. Qd3 Nxd1 25. Rxd1 a6 26. b4 Na7 27. g5 h5 28.
g6 f6 29. exf6 Rxf6 30. Ne5 Qb5 31. Qh3 Qe2 32. Rg1 Qe4+ 33. Rg2 Rc1# 0-1

[Event "Tournoi francophone 015"]
[Site "Skype"]
[Date "????.??.??"]
[Round "1.15"]
[White "Farfallini, Michel"]
[Black "Rodriguez, Nathalie"]
[Result "1-0"]
[WhiteElo "1446"]
[BlackElo "1167"]
[PlyCount "41"]

1. e4 e5 2. Nf3 Nc6 3. Bc4 Nf6 4. Ng5 d5 5. exd5 Nxd5 6. d3 Be6 7. Nxe6 fxe6 8.
O-O Bc5 9. Qh5+ g6 10. Qg4 Qe7 11. Bg5 Qd6 12. Nd2 h6 13. Ne4 Qd7 14. Bxd5 Be7
15. Bxe7 Qxe7 16. Bxe6 Rf8 17. Qxg6+ Kd8 18. c3 a5 19. Rad1 Ra6 20. Qg3 Qd6 21.
Nxd6 1-0

[Event "Tournoi francophone 015"]
[Site "Skype"]
[Date "????.??.??"]
[Round "1.16"]
[White "Busto, Ricardo"]
[Black "Ortiz, Vladimir"]
[Result "0-1"]
[WhiteElo "1152"]
[BlackElo "1443"]
[PlyCount "118"]

1. Nf3 Nc6 2. e3 g6 3. c4 d5 4. cxd5 Qxd5 5. Nc3 Qd8 6. d4 e6 7. a3 Nf6 8. Bd3
Bg7 9. b4 a6 10. Bb2 O-O 11. O-O Re8 12. Re1 Nd5 13. Nxd5 Qxd5 14. Qc2 Bd7 15.
Rac1 Rac8 16. Qc5 Qxc5 17. Rxc5 Bf8 18. Rcc1 Bg7 19. Bc3 Ne7 20. Ne5 Bxe5 21.
dxe5 Nd5 22. Bd4 Bc6 23. Rb1 Rcd8 24. b5 axb5 25. Bxb5 Bxb5 26. Rxb5 b6 27.
Rbb1 Ra8 28. Rb3 c5 29. e4 Ne7 30. Be3 Ra6 31. Ra1 Nc6 32. Rd3 Rd8 33. Rxd8+
Nxd8 34. Rd1 Nc6 35. f4 Kg7 36. Bc1 Nd4 37. Kf2 Nb5 38. Rd3 c4 39. Rg3 Ra4 40.
f5 c3 41. fxg6 hxg6 42. Ke2 Rxe4+ 43. Re3 Rc4 44. Kd3 Rc6 45. Kc2 Nd4+ 46. Kd3
Nb3 47. Re1 c2 48. a4 Kf8 49. Ba3+ Ke8 50. Bc1 Kd7 51. Rf1 Ke8 52. Re1 Rc5 53.
g3 Na1 54. Bb2 Rd5+ 55. Ke2 Nb3 56. h4 Nc5 57. Rf1 Nxa4 58. Bc1 Nc3+ 59. Ke3
Rd1 0-1

[Event "Tournoi francophone 015"]
[Site "Skype"]
[Date "????.??.??"]
[Round "1.17"]
[White "Zenini, Simone"]
[Black "Rivalta, Paolo"]
[Result "1-0"]
[WhiteElo "1436"]
[BlackElo "1142"]
[PlyCount "61"]

1. d4 d5 2. c4 e6 3. Nc3 Bb4 4. e3 Nf6 5. a3 Bxc3+ 6. bxc3 O-O 7. Bd3 Re8 8.
Nf3 Nbd7 9. cxd5 exd5 10. O-O Ne4 11. Qc2 Ndf6 12. Re1 Qd6 13. h3 h6 14. a4 Bf5
15. Ba3 Qd7 16. Ne5 Qe6 17. c4 c6 18. Rab1 b6 19. c5 Rac8 20. cxb6 axb6 21.
Rxb6 Nd7 22. Rxc6 Rxc6 23. Nxc6 Ndc5 24. dxc5 Qxc6 25. Bb5 Qc8 26. Bxe8 Qxe8
27. a5 Ng3 28. Qb3 Ne4 29. a6 Be6 30. a7 Qa8 31. Qb8+ 1-0

[Event "Tournoi francophone 015"]
[Site "Skype"]
[Date "????.??.??"]
[Round "1.18"]
[White "Vello, Pablo"]
[Black "Sequeda Pimiento, Javier Ricardo"]
[Result "1/2-1/2"]
[WhiteElo "1135"]
[BlackElo "1419"]
[PlyCount "40"]

1. e4 e6 2. d4 d5 3. e5 c5 4. c3 Qb6 5. Nf3 Nc6 6. b3 Bd7 7. Be3 Nh6 8. h3 cxd4
9. Nxd4 Nxe5 10. Nf5 Qd8 11. Nxh6 gxh6 12. Bd4 Qg5 13. Nd2 Bg7 14. h4 Qg6 15.
Rc1 Rc8 16. Qe2 Nc6 17. Bxg7 Qxg7 18. Nf3 Ke7 19. Qe3 b6 20. g3 Rhd8 1/2-1/2

[Event "Tournoi francophone 015"]
[Site "Skype"]
[Date "????.??.??"]
[Round "1.19"]
[White "Ambrosino, Theo"]
[Black "Sosa, Juan Carlos"]
[Result "1-0"]
[WhiteElo "1412"]
[BlackElo "1121"]
[PlyCount "51"]

1. c4 e5 2. Nc3 Bc5 3. Nf3 Nc6 4. e4 d6 5. d3 Nf6 6. g3 Ng4 7. Be3 Bxe3 8. fxe3
Nxe3 9. Qd2 Nxf1 10. Rxf1 O-O 11. Nd5 Bh3 12. Rf2 h6 13. Nh4 Qd7 14. O-O-O a5
15. a3 Nd4 16. Kb1 Bg4 17. Rdf1 c6 18. Nb6 Qd8 19. Nxa8 Qxa8 20. Ng6 fxg6 21.
Rxf8+ Qxf8 22. Rxf8+ Kxf8 23. Qxa5 Nb3 24. Qa8+ Kf7 25. Qxb7+ Kg8 26. Qxb3 1-0

[Event "Tournoi francophone 015"]
[Site "Skype"]
[Date "????.??.??"]
[Round "1.20"]
[White "Guillaume, Mickael"]
[Black "Gadow, Martin"]
[Result "1-0"]
[WhiteElo "1106"]
[BlackElo "1412"]
[PlyCount "123"]

1. e4 c5 2. c3 e6 3. Nf3 d6 4. Bb5+ Bd7 5. Qb3 a6 6. Bxd7+ Qxd7 7. O-O Nc6 8.
d4 cxd4 9. cxd4 Nd8 10. Bf4 Ne7 11. Nbd2 Ng6 12. Bg3 Be7 13. Nc4 Rb8 14. Nb6
Qb5 15. Qxb5+ axb5 16. Rac1 f5 17. exf5 exf5 18. h3 O-O 19. Nd5 Ne6 20. Nxe7+
Nxe7 21. Bxd6 Rbe8 22. d5 Nd8 23. Rc7 Rf7 24. Ng5 Nxd5 25. Nxf7 Nxc7 26. Nxd8
Rxd8 27. Bxc7 Rd2 28. Be5 Rd5 29. Re1 g6 30. Rc1 Rxe5 31. Rc8+ Kg7 32. Rc7+ Kh6
33. Rxb7 Re1+ 34. Kh2 Ra1 35. a3 Rf1 36. f3 g5 37. Rxb5 f4 38. a4 Kg6 39. a5
Ra1 40. Rb6+ Kg7 41. a6 h5 42. a7 Rxa7 43. g3 fxg3+ 44. Kxg3 Rf7 45. b4 Rf4 46.
b5 h4+ 47. Kg2 Rf8 48. Rc6 Rb8 49. b6 Kf7 50. Rc7+ Ke6 51. b7 Kd6 52. Rg7 Kc6
53. Rxg5 Kxb7 54. Rb5+ Kc7 55. Rxb8 Kxb8 56. f4 Kc8 57. Kf3 Kd7 58. Kg4 Ke6 59.
f5+ Kf7 60. Kf4 Kf6 61. Kg4 Ke5 62. Kg5 1-0

[Event "Tournoi francophone 015"]
[Site "Skype"]
[Date "????.??.??"]
[Round "1.21"]
[White "Harmelle, Dominique"]
[Black "Ortis, Yves"]
[Result "1-0"]
[WhiteElo "1402"]
[BlackElo "1096"]
[PlyCount "35"]

1. d4 d6 2. Bf4 Nf6 3. e3 g6 4. Nc3 c6 5. Be2 Bg7 6. Nf3 h6 7. h3 O-O 8. Qd2 b5
9. a3 Bb7 10. e4 c5 11. d5 Ba6 12. Bxh6 Re8 13. Bxg7 g5 14. Qxg5 Nh7 15. Qh6 f6
16. Nh4 Nd7 17. Bg4 Bc8 18. Be6# 1-0

[Event "Tournoi francophone 015"]
[Site "Skype"]
[Date "????.??.??"]
[Round "1.22"]
[White "Montilla Bejarano, Carmen"]
[Black "Couto, Januario"]
[Result "0-1"]
[WhiteElo "1087"]
[BlackElo "1387"]
[PlyCount "62"]

1. e4 d5 2. e5 Bf5 3. d4 e6 4. a3 c5 5. Nf3 c4 6. c3 Ne7 7. Qa4+ Nbc6 8. b3 Bc2
9. Nbd2 cxb3 10. Nxb3 Nc8 11. Bb5 Qc7 12. Bxc6+ bxc6 13. Qa5 Qb6 14. Nfd2 Bd3
15. Ra2 Be7 16. Qxb6 axb6 17. Bb2 O-O 18. Nc1 Bg6 19. O-O b5 20. f4 c5 21. dxc5
Bxc5+ 22. Kh1 Nb6 23. Ndb3 Be7 24. Rd1 Nc4 25. Nd3 Nxb2 26. Nxb2 Bc2 27. Na1
Bxd1 28. Nxd1 Rxa3 29. Rxa3 Bxa3 30. Nc2 Bc1 31. g3 Rc8 0-1

[Event "Tournoi francophone 015"]
[Site "Skype"]
[Date "????.??.??"]
[Round "1.23"]
[White "Bourdeau, Yvan"]
[Black "Dhenain, Sebastien"]
[Result "1-0"]
[WhiteElo "1383"]
[BlackElo "1086"]
[PlyCount "31"]

1. d4 d5 2. Bf4 e6 3. Nf3 Nf6 4. e3 Bb4+ 5. c3 Bd6 6. Bg3 Bxg3 7. hxg3 O-O 8.
Bd3 Nc6 9. Nbd2 Re8 10. Ne5 Nxe5 11. dxe5 Nd7 12. Bxh7+ Kf8 13. Qh5 b6 14. Bc2
Ke7 15. Qg5+ Kf8 16. Rh8# 1-0

[Event "Tournoi francophone 015"]
[Site "Skype"]
[Date "????.??.??"]
[Round "1.24"]
[White "Tolaro, Filippa"]
[Black "Briere, Jean"]
[Result "0-1"]
[WhiteElo "1086"]
[BlackElo "1377"]
[PlyCount "94"]

1. d4 d5 2. Nf3 Nc6 3. b3 Nf6 4. e3 Bf5 5. Bb2 e6 6. Be2 Bd6 7. O-O O-O 8. Nbd2
h6 9. Ne5 Bxe5 10. dxe5 Nd7 11. f4 f6 12. Nf3 fxe5 13. fxe5 Be4 14. Bd3 Bxf3
15. Rxf3 Ndxe5 16. Rxf8+ Qxf8 17. Be2 Ng6 18. Qf1 e5 19. Qxf8+ Rxf8 20. Ba3 Rf6
21. Rf1 Rxf1+ 22. Kxf1 Kf7 23. Bh5 Kf6 24. c4 d4 25. exd4 exd4 26. Bb2 Nf4 27.
Bf3 Ke5 28. g3 Nd3 29. Ba3 Ndb4 30. Bxb4 Nxb4 31. a3 Nc2 32. a4 b6 33. h4 d3
34. Kf2 Kd4 35. Bd1 Kc3 36. Bf3 Nd4 37. b4 Nxf3 38. Kxf3 d2 39. Ke2 Kc2 40. b5
d1=Q+ 41. Ke3 Qg4 42. Kf2 Kd2 43. Kg2 Ke2 44. a5 Qe4+ 45. Kh3 Kf3 46. a6 Qg4+
47. Kh2 Qxg3+ 0-1

[Event "Tournoi francophone 015"]
[Site "Skype"]
[Date "????.??.??"]
[Round "1.25"]
[White "Vincent, Andre"]
[Black "Ruiz Aguilera, Juan Jesus"]
[Result "0-1"]
[WhiteElo "1377"]
[BlackElo "1083"]
[PlyCount "114"]

1. Nf3 Nc6 2. g3 e5 3. d3 Bb4+ 4. c3 Bc5 5. Bg2 d5 6. O-O e4 7. dxe4 dxe4 8.
Qxd8+ Nxd8 9. Ng5 f5 10. b4 Be7 11. Bf4 Bd6 12. Bxd6 cxd6 13. Nd2 d5 14. Nb3 h6
15. Nh3 Ne7 16. Nd4 O-O 17. Nf4 Bd7 18. e3 Rc8 19. Rfc1 b6 20. a4 a5 21. b5 g5
22. Nfe2 Ne6 23. Nxe6 Bxe6 24. Nd4 Kf7 25. Ra2 Rc7 26. Rac2 Rfc8 27. Bf1 Kf6
28. c4 dxc4 29. Nxe6 Kxe6 30. Rxc4 Rxc4 31. Rxc4 Rxc4 32. Bxc4+ Ke5 33. Kg2 f4
34. Bf7 fxe3 35. fxe3 Nf5 36. Kf2 Nd6 37. Bb3 Nb7 38. Ke2 Nc5 39. Bc2 Kd5 40.
Kd2 Kc4 41. h3 h5 42. h4 gxh4 43. gxh4 Kd5 44. Bd1 Ke6 45. Bxh5 Nxa4 46. Bg4+
Kf7 47. h5 Nb2 48. Bf5 Nc4+ 49. Kc3 Nd6 50. Bg6+ Kg7 51. Bxe4 Nxe4+ 52. Kd4 Nd6
53. e4 Nxb5+ 54. Ke3 Nc7 55. Kd3 Kh6 56. e5 Kxh5 57. Kc2 Kg5 0-1

[Event "Tournoi francophone 015"]
[Site "Skype"]
[Date "????.??.??"]
[Round "1.26"]
[White "Maccaferri, Massimo"]
[Black "Scata, Laura"]
[Result "0-1"]
[WhiteElo "1074"]
[BlackElo "1366"]
[PlyCount "34"]

1. e4 c6 2. g4 d5 3. exd5 cxd5 4. b3 Nc6 5. Ba3 g6 6. Nc3 Bg7 7. Rb1 Nf6 8. h3
d4 9. Na4 b6 10. Bb2 Bb7 11. Bb5 Qd5 12. f3 Qxb5 13. c3 dxc3 14. Bxc3 Nb4 15.
g5 Nh5 16. a3 Ng3 17. Bxg7 Qf1# 0-1

[Event "Tournoi francophone 015"]
[Site "Skype"]
[Date "????.??.??"]
[Round "1.27"]
[White "Amato, Ludovica"]
[Black "Gerbaux, Regis"]
[Result "1-0"]
[WhiteElo "1346"]
[BlackElo "1062"]
[PlyCount "37"]

1. e4 c5 2. Nf3 d6 3. d4 cxd4 4. Nxd4 Nf6 5. Nc3 e6 6. Be2 Be7 7. O-O O-O 8.
Be3 Nbd7 9. f4 b6 10. Nb3 Bb7 11. Bf3 Rc8 12. Qd2 d5 13. exd5 Bb4 14. Bd4 exd5
15. a3 Bxc3 16. Bxc3 Ne4 17. Bxe4 dxe4 18. Rad1 Qe7 19. Qxd7 1-0

[Event "Tournoi francophone 015"]
[Site "Skype"]
[Date "????.??.??"]
[Round "1.28"]
[White "Esformes, Jacques"]
[Black "Pouteau, Pascal"]
[Result "0-1"]
[WhiteElo "1052"]
[BlackElo "1345"]
[PlyCount "78"]

1. d4 d5 2. Bf4 Nf6 3. f3 e6 4. c3 Be7 5. e3 Nh5 6. Nd2 Nxf4 7. exf4 Qd6 8. g3
h5 9. Bd3 h4 10. Ne2 Bd7 11. Qb3 Bc6 12. Bb5 Nd7 13. Bxc6 Qxc6 14. c4 a5 15.
Qb5 Qxb5 16. cxb5 a4 17. a3 Bf6 18. g4 Ra5 19. g5 Be7 20. Nc3 f6 21. g6 f5 22.
Ke2 Nf6 23. Rhf1 Nh5 24. Ke3 Bd6 25. Kd3 Nxf4+ 26. Kc2 h3 27. Rae1 Kd7 28. b4
axb3+ 29. Kxb3 Rxa3+ 30. Kc2 Ng2 31. Ra1 Rxa1 32. Rxa1 Bxh2 33. Rh1 Bd6 34. Kb3
Ke7 35. Nd1 h2 36. Nf1 Rh3 37. Ka4 Ne1 38. Nf2 Rxf3 39. Nxh2 Ra3# 0-1

[Event "Tournoi francophone 015"]
[Site "Skype"]
[Date "????.??.??"]
[Round "1.29"]
[White "Marino, Giuseppe"]
[Black "Tinti, Jacopo"]
[Result "1-0"]
[WhiteElo "1339"]
[BlackElo "1044"]
[PlyCount "95"]

1. e4 e5 2. c3 Nf6 3. d3 d6 4. Nf3 Be7 5. Be2 O-O 6. O-O Nc6 7. Bg5 h6 8. Bh4
d5 9. exd5 Nxd5 10. Bxe7 Qxe7 11. Re1 Re8 12. Nbd2 Nf4 13. Bf1 Bg4 14. d4 f6
15. g3 Nh3+ 16. Bxh3 Bxh3 17. Nh4 Qf7 18. Qc2 Qd5 19. a3 Re7 20. Qb3 Qxb3 21.
Nxb3 g5 22. Nf3 e4 23. Nfd2 f5 24. Nc5 b6 25. Ncb3 Rae8 26. Nf1 f4 27. gxf4
gxf4 28. Nbd2 Rg7+ 29. Kh1 Bg2+ 30. Kg1 Bf3+ 31. Ng3 fxg3 32. Nxf3 gxh2+ 33.
Kxh2 Ree7 34. Nh4 Nd8 35. Nf5 Ref7 36. Nxg7 Rxf2+ 37. Kg3 Rf3+ 38. Kg2 Kxg7 39.
Rxe4 Rf7 40. Rf1 Kg6 41. Rxf7 Nxf7 42. Re7 Ng5 43. Rxc7 Ne4 44. Rxa7 Kg5 45. d5
h5 46. Re7 Kf4 47. Rxe4+ Kxe4 48. d6 1-0

[Event "Tournoi francophone 015"]
[Site "Skype"]
[Date "????.??.??"]
[Round "1.30"]
[White "Fernandez, Raquel"]
[Black "Duthoit, Bernard"]
[Result "1-0"]
[WhiteElo "1038"]
[BlackElo "1338"]
[PlyCount "59"]

1. e4 e6 2. d4 d5 3. Nc3 dxe4 4. Nxe4 b6 5. Bd3 Bb7 6. b3 Nc6 7. Be3 Bb4+ 8.
Bd2 Bxd2+ 9. Nxd2 Nxd4 10. f3 c5 11. Be4 Bxe4 12. Nxe4 Nf6 13. c3 Nc6 14. Ne2
Nxe4 15. fxe4 O-O 16. O-O Qf6 17. Rxf6 gxf6 18. Qd7 Ne5 19. Qe7 Kg7 20. Nf4 Ng6
21. Nxg6 hxg6 22. Rf1 f5 23. e5 Kg8 24. Rf4 Rad8 25. Rh4 Rd1+ 26. Kf2 Rd2+ 27.
Ke1 Rfd8 28. Qg5 Rd1+ 29. Ke2 Ra1 30. Qxd8+ 1-0

[Event "Tournoi francophone 015"]
[Site "Skype"]
[Date "????.??.??"]
[Round "1.31"]
[White "Gharbi, Said"]
[Black "Rodriguez Tovar, Liliana"]
[Result "1-0"]
[WhiteElo "1335"]
[BlackElo "1036"]
[PlyCount "67"]

1. e4 e6 2. d4 d5 3. exd5 exd5 4. Nf3 Nf6 5. c4 c5 6. cxd5 Nxd5 7. Ne5 Be6 8.
Bb5+ Nc6 9. Nxc6 Qb6 10. Qa4 Nc7 11. Nc3 a6 12. Qa5 Qxa5 13. Nxa5+ axb5 14.
Nxb7 cxd4 15. Ne2 d3 16. Nd4 Rc8 17. O-O Bg4 18. Re1+ Be7 19. Nd6+ Kf8 20. Nxc8
Bb4 21. Re4 Bxc8 22. Nxb5 Ba5 23. Nd6 Be6 24. Rd4 Nd5 25. Rxd3 Nb4 26. a3 Ke7
27. Nb7 Bc7 28. Rd1 Kf6 29. Re1 Be5 30. f4 Nd3 31. fxe5+ Nxe5 32. a4 Rc8 33. a5
Rc6 34. Nd8 1-0

[Event "Tournoi francophone 015"]
[Site "Skype"]
[Date "????.??.??"]
[Round "1.32"]
[White "Ramirez, Luis Antonio"]
[Black "Le Brun, Yves"]
[Result "0-1"]
[WhiteElo "1017"]
[BlackElo "1335"]
[PlyCount "62"]

1. c4 Nf6 2. Qc2 g6 3. Nf3 Bg7 4. g3 d5 5. Bg2 Bf5 6. Qb3 dxc4 7. Qxb7 Be4 8.
Qb5+ Nbd7 9. Qxc4 O-O 10. O-O Rb8 11. Nc3 Nb6 12. Qd4 Bb7 13. Rb1 Ne4 14. Qe3
Nxc3 15. bxc3 Nc4 16. Qd3 Qxd3 17. exd3 Nd6 18. Re1 e6 19. d4 Bd5 20. Rxb8 Rxb8
21. Ba3 Nc4 22. Bc5 a5 23. d3 Nd6 24. Ne5 Bxg2 25. Kxg2 Rb2 26. Nf3 a4 27. Ba7
Nb5 28. Bc5 Nxc3 29. a3 Bf8 30. Rc1 Ne2 31. Bb4 Nxc1 0-1